LEADER 00588nam a2200169 i 4500 001 000000154328 003 CaOOAMICUS 005 20061016000000.0 008 061016s1966 it u000 u ita u 013 $a131674 040 $aSeMil$bita 245 10$aTomo secondo. 773 0 $aPope-Hennessy, John <1913-1994>$tScultura italiana.$dMilano : Feltrinelli, 1966.$gVolume3$w()16586 773 0 $tCinquecento e il Barocco.$w()16587 850 $aSeMil 852 $aSeMil$W1$xVenegono$y1$m5R VII 15$j106188$B106188$CSeMilBibl$Z2$F115380 $81 996 $6245$aTomo secondo$9(OLS)http://semarc/title/54511 LEADER 00929nam a2200229 i 4500 001 000000178444 003 CaOOAMICUS 005 20250527154816.0 008 090321s1979 it u000 u fre u 040 $aSeMil$bita 100 1 $aMeyer, Jean,$d<1942- >.$0(OLS)http://semarc/name/66321 245 13$aLa vie quotidienne en France au temps de la Régence /$cJean Meyer. 264 1$a[France] :$bHachette,$c1979. 300 $a444 p. ;$c20 cm. 490 1 $aLa vie quotidienne 650 4$aFrancia - Storia - Sec. 18.$0(OLS)http://semarc/subject/1089 830 3$aLa vie quotidienne.$0(OLS)http://semarc/title/27663 850 $aSeMil 852 $aSeMil$W1$xVenegono$y1$m3U I 684$j257570$B129221$CSeMilBibl$Z2$F140405 $81 996 $6245$aLa vie quotidienne en France au temps de la Régence$9(OLS)http://semarc/title/256293 996 $6264$a[France] :$bHachette$9(OLS)http://semarc/publisher/32523